Normal view MARC view
  • Māori (New Zealand people)

Entry Topical Term

Number of records used in: 1

001 - CONTROL NUMBER

  • control field: 153749

003 - CONTROL NUMBER IDENTIFIER

  • control field: TR-AnTOB

005 - DATE AND TIME OF LATEST TRANSACTION

  • control field: 20260416164611.0

008 - FIXED-LENGTH DATA ELEMENTS

  • fixed length control field: 080304i| anannbabn |n ana |

010 ## - LIBRARY OF CONGRESS CONTROL NUMBER

  • LC control number: sh2008107364

035 ## - SYSTEM CONTROL NUMBER

  • System control number: (DLC)383539

040 ## - CATALOGING SOURCE

  • Original cataloging agency: DLC
  • Language of cataloging: eng
  • Description conventions: rda
  • Transcribing agency: DLC
  • Modifying agency: DLC
  • Modifying agency: TR-AnTOB

150 ## - HEADING--TOPICAL TERM

  • Topical term or geographic name entry element: Māori (New Zealand people)
  • General subdivision: Education

670 ## - SOURCE DATA FOUND

  • Source citation: Work cat.: Māori pedagogies, c2000

688 ## - APPLICATION HISTORY NOTE

  • Institution to which field applies: TR-AnTOB
  • Application history note: GU 16.04.2026
Devinim Yazılım Eğitim Danışmanlık tarafından Koha'nın orjinal sürümü uyarlanarak geliştirilip kurulmuştur.